000 00570nam a2200181Ia 4500
003 GCL
008 140319s9999 xx 000 0 ara d
040 _aGCL /
_cGCL
082 0 4 _aافلام ت
_b11
100 1 _aحسين الطيب (مخرج)
245 1 0 _aجامع ابن طولون (20 دقيقة) /
_cحسين الطيب (مخرج)
700 1 _aعماد فريد (مصور)
260 _a[S.N] :
_bالمركز القومى للسينما ،
_c1976
490 _a
650 0 4 _aشرائط فيديو
650 0 4 _aافلام تسجيلية
942 _2ddc
_cBK
999 _c33743
_d33743